000 00362nam a2200145 i 4500
001 bg
100 1 _aPIELICHOWSKI, Jan
245 0 _aPreparatyka monomerów /
_cJan Pielichowski, Andrzej Puszyński.
260 _aKraków,
_c1987.
700 1 _aPUSZYŃSKI, Andrzej
040 _cBPK
041 _apol
942 _cKS
008 s pl f |000 0 pol
999 _c3685
_d3685
856 _uhttp://koha.tu.koszalin.pl/cgi-bin/koha/opac-detail.pl?biblionumber=3685
_yKatalog online BPK